LEADER 00842nam0-22003011i-450- 001 990001283340403321 035 $a000128334 035 $aFED01000128334 035 $a(Aleph)000128334FED01 035 $a000128334 100 $a20000920d1979----km-y0itay50------ba 101 1$aeng 200 1 $aMethods of Modern Mathematical Physics$eScattering Theory$fby REED Michael and SIMON Barry 205 $a$a 210 $aNew York [etc.]$cAcademic Press$d1979 610 0 $aTeoria degli operatori 700 1$aReed,$bMichael$041548 702 1$aSimon,$bBarry 801 0$aIT$bUNINA$gRICA$2UNIMARC 901 $aBK 912 $a990001283340403321 952 $a6-D-16-(3$b20609$fMA1 959 $aMA1 962 $a47-02 962 $a47A40 996 $aMethods of Modern Mathematical Physics$9340978 997 $aUNINA DB $aING01